ANATOMY & PHYSIOLOGY (WORK BOOK) (Record no. 11149)

MARC details
000 -LEADER
fixed length control field 00325nam a22001457a 4500
003 - CONTROL NUMBER IDENTIFIER
control field SGT
020 ## - INTERNATIONAL STANDARD BOOK NUMBER
International Standard Book Number 978-81-265-5412-6
082 ## - DEWEY DECIMAL CLASSIFICATION NUMBER
Classification number 612
Item number A15T
100 ## - MAIN ENTRY--PERSONAL NAME
Personal name TORTORA, GERARD.J
245 ## - TITLE STATEMENT
Title ANATOMY & PHYSIOLOGY (WORK BOOK)
260 ## - PUBLICATION, DISTRIBUTION, ETC. (IMPRINT)
Place of publication, distribution, etc NEW DELHI
Name of publisher, distributor, etc WILEY
Year of Publication 2015
300 ## - PAGE DESCRIPTION
No. of Pages 226
650 ## - SUBJECT ADDED ENTRY--TOPICAL TERM
Topical term or geographic name as entry element PHARMACY
942 ## - ADDED ENTRY ELEMENTS (KOHA)
Source of classification or shelving scheme Dewey Decimal Classification
Koha item type Books
942 ## - ADDED ENTRY ELEMENTS (KOHA)
-- 2
Holdings
Withdrawn status Lost status Source of classification or shelving scheme Damaged status Not for loan Collection code Home library Current library Shelving location Date acquired Vendor Name Cost, normal purchase price SGTU Bill Number Total Checkouts Full call number Accession No. (Barcode) Date last seen Bill Date Koha item type Date last borrowed
    Dewey Decimal Classification     PHARMACY SGT FA-FP Library SGT FA-FP Library Reference Book 08/03/2017 AHUJA PUB 2995.00 SGTU 7790   612 A15T FP2222 08/03/2017 02/03/2017 Books  
    Dewey Decimal Classification     PHARMACY SGT FA-FP Library SGT FA-FP Library Reference Book 08/03/2017 AHUJA PUB 2995.00 SGTU 7790 1 612 A15T FP2223 12/09/2019 02/03/2017 Books 12/09/2019
    Dewey Decimal Classification     PHARMACY SGT FA-FP Library SGT FA-FP Library Reference Book 08/03/2017 AHUJA PUB 2995.00 SGTU 7790 2 612 A15T FP2224 21/10/2024 02/03/2017 Books 04/10/2024
    Dewey Decimal Classification     PHARMACY SGT FA-FP Library SGT FA-FP Library Reference Book 08/03/2017 AHUJA PUB 2995.00 SGTU 7790   612 A15T FP2225 08/03/2017 02/03/2017 Books  
    Dewey Decimal Classification     PHARMACY SGT FA-FP Library SGT FA-FP Library Reference Book 08/03/2017 AHUJA PUB 2995.00 SGTU 7790 1 612 A15T FP2226 21/12/2022 02/03/2017 Books 17/12/2022